000 00312nam a22001217a 4500
008 160510b xxu||||| |||| 00| 0 eng d
020 _a3527290613
020 _a1560818697
041 _aeng
080 _a54
245 _aOrganosilicon chemistry from molecules to materials:
_cN. Auner; J. Weis;
942 _2udc
_cBK
999 _c1973
_d1973